| 000 | 01317nam a22002297a 4500 | ||
|---|---|---|---|
| 999 |
_c56928 _d56928 |
||
| 003 | Ge_BSU | ||
| 005 | 20221221151951.0 | ||
| 008 | 190625b2019 ge ||||| |||| 00| 0 geo d | ||
| 041 | _ageo | ||
| 080 | _a54 ხ-25 | ||
| 100 |
_aხარაძე, მაია. _92895 |
||
| 245 |
_aდასავლეთ საქართველოს ავტოქთონური ვაზის ჯიშების ფენოლური ნაერთები / _cმაია ხარაძე ; სამეცნ.ხელმღ. მ.ვანიძე. |
||
| 264 |
_aბათუმი : _bბსუ, _c2019. |
||
| 300 |
_a123 გვ.: _bილ ; _c30 სმ. |
||
| 653 | _aქიმია | ||
| 653 | _aბიოორგანული ქიმია | ||
| 653 | _aდისერტაცია | ||
| 700 |
_aვანიძე, მაია _eსამეცნიერო ხელმძღვანელი _92896 |
||
| 710 |
_aბათუმის შოთა რუსთაველის სახელმწიფო უნ-ტი _92660 |
||
| 710 |
_aსაბუნებისმეტყველო მეცნიერებათა და ჯანდაცვის ფაკულტეტი ქიმიის დეპარტამენტი _92894 |
||
| 942 |
_2udc _cDS |
||